| 000 | 00620nam a2200181Ia 4500 | ||
|---|---|---|---|
| 008 | 100917s9999 xx 000 0 und d | ||
| 082 | _b49178 | ||
| 100 | _aनाईक वसंत | ||
| 245 | _aजागतिक क्रिकेटचा इतिहास | ||
| 260 |
_bप्रिया प्रकाशन _c1981 |
||
| 300 | _a422 | ||
| 365 | _b100 | ||
| 520 | _aव्यायाम | ||
| 630 | _aजागतिक क्रिकेटचा इतिहास | ||
| 650 | _aव्यायाम | ||
| 730 | _aजागतिक क्रिकेटचा इतिहास | ||
| 942 | _cBOOK | ||
| 999 |
_c654572 _d654569 |
||